Titre des tomes de Harry Potter - Statistiques

Statistiques générales
  • Ce quiz a été pris 208 fois
  • Le résultat moyen est 6 sur 7
Statistiques - réponses
Tomes Titres % Correct
1 A l'école des sorciers
100%
2 Et la chambre des secrets
96%
4 Et la coupe de feu
95%
3 Et le prisonnier d'azkaban
92%
7 Et les reliques de la mort
84%
6 Et le prince de sang mêlé
82%
5 l'ordre du Phoenix
79%
Aucun quiz correspondant
Distribution des résultats
% des personnes avec chaque résultat
Percentile par nombre de réponses
Votre historique - résultats
Vous n’avez pas pris ce quiz